| 000 | 00539nam a2200193Ia 4500 | ||
|---|---|---|---|
| 003 | GCL | ||
| 008 | 140319s9999 xx 000 0 eng d | ||
| 040 |
_aGCL / _cGCL |
||
| 082 | 0 | 4 |
_a388.11091724 _bH R |
| 100 | 1 | _aHARRAL,CLELLG. | |
| 245 | 1 | 0 |
_aROAD DETERIOATION IN DEVELOPING COUNTRIES: CAUSES AND REMEDIES / _cHARRAL,CLELLG. |
| 260 |
_a[S.N] : _bTHE WORLD BANK ، _c1988 |
||
| 300 | _a61 PP | ||
| 650 | 0 | 4 | _aMAINTENANCE AND REPAIR |
| 650 | 0 | 4 | _aROADS |
| 650 | 0 | 4 | _aDETERIOATION |
| 650 | 0 | 4 | _aDEVELOPING COUNTRIES |
| 942 |
_2ddc _cBK |
||
| 999 |
_c25493 _d25493 |
||